00576nam a2200205Ia 4500003000400000005001700004008004100021020001800062040001800080041000800098082001900106100002400125245005700149250001300206260004400219300002800263650002200291650003800313700001900351OSt20220317155023.0210716s2011 xx 000 0 und d a9789332585874 cAIMIT LIBRARY aeng a658 213bROBS aRobbins, Stephen P. aManagement /cBy Stephen P Robbins and Mary Coulter. a13th ed. aNew Delhi :bPearson Education ,c2011. axxxvi,700p. ;c25.5 cm. aMaking Decisions. aManaging in a Global Environment. aCoulter, Mary.